000 00760nam a2200193Ia 4500
003 GCL
008 140319s9999 xx 000 0 ara d
040 _aGCL /
_cGCL
082 0 4 _a189.3
_bف أ
100 1 _aفريد جحا
245 1 0 _aابوحامد الغزالى : سيرته مؤلفاته مصادر دراسته اقوال العلماء فيه مكانته فى تاريخ الحضاره /
_cفريد جحا
250 _aالاولى
260 _aسوريا :
_bطلاس للدراسات والترجمة والنشر ،
_c1986
300 _a573 ص ؛
_c15 سم
650 0 4 _aالفلسفة الاسلامية
650 0 4 _aالتصوف الاسلامى
650 0 4 _aالحركات الفكرية عند المسلمين
942 _2ddc
_cBK
999 _c35813
_d35813